Toutes les langues des chansons de l'Eurovision 2026 - Statistiques

Statistiques générales
  • Ce quiz a été pris 87 fois
    54 depuis la dernière actualisation
  • Le résultat moyen est 18 sur 23
Statistiques - réponses
# Langues Pays % Correct
21 Anglais Allemagne, Arménie, Australie, Azerbaïdjan, Belgique, Bulgarie, Chypre, Estonie, Géorgie, Grèce, Israël, Lituanie, Luxembourg, Malte, Moldavie, Norvège, Pologne, Roumanie, Royaume-Uni, Saint-Marin, Suède, Suisse, Tchéquie, Ukraine
100%
5 Français France, Grèce, Israël, Moldavie, Lituanie
100%
1 Croate Croatie
98%
4 Italien Italie, Moldavie, Lituanie, Malte
98%
3 Allemand Autriche, Lituanie, Royaume-Uni
95%
2 Grec Chypre, Grèce
95%
1 Albanais Albanie
93%
1 Danois Danemark
93%
1 Roumain Moldavie
91%
1 Hébreu Israël
89%
1 Portugais Portugal
89%
4 Espagnol Arménie, Grèce, Moldavie, Lituanie
86%
1 Finnois Finlande
84%
1 Serbe Serbie
84%
1 Letton Lettonie
82%
1 Maltais Malte
82%
1 Lituanien Lituanie
80%
1 Ukrainien Ukraine
80%
1 Monténégrin Monténégro
68%
1 Azéri Azerbaïdjan
61%
1 Latin Moldavie
23%
1 Hawaïen Moldavie
18%
1 Jamaïquain Bulgarie
5%
Aucun quiz correspondant
Distribution des résultats
% des personnes avec chaque résultat
Percentile par nombre de réponses
Votre historique - résultats
Vous n’avez pas pris ce quiz depuis la dernière actualisation